| 000 | 00447nam a22001457a 4500 | ||
|---|---|---|---|
| 999 |
_c12514 _d12514 |
||
| 008 | 210204b ||||| |||| 00| 0 eng d | ||
| 041 | 0 | _aeng | |
| 082 | 0 | 0 |
_a344.548 _bW399 |
| 110 |
_94683 _aGovernment. of. West Bengal |
||
| 245 | 1 | 0 |
_aThe West Bengal Factories Rules, 1958 / _cby Government of West Bengal |
| 260 |
_aWest Bengal : _b West Bengal Government, _c1968. |
||
| 300 | _a146p. | ||
| 650 | 0 | _aFactory Laws and Legislation | |
| 942 | _cBK | ||